000 02291nam a22002537a 4500
001 3526
003 FISKH
005 20250528091340.0
008 240315b cb ||||| |||| 00| 0 eng d
040 _aFISKH
_bkhr
_cFISKH
_dFISKH
050 _aPZ7
082 _a808.543
100 _aKin, Rim
245 _aរឿង សូផាត /
_cនិពន្ធដោយ រីម គីន
260 _aភ្នំពេញ :
_bក្រសួងអប់រំ យុវជន និង កីឡា,
_c2009.
300 _a70 pages :
_billustrations ;
_c22 cm
500 _aអក្សរសិល្ប៍តាមកម្មវិធីសិក្សា
520 _aសូផាតគឺជាកូនសរប់សស្រ្តីម្នាក់ឈ្មោះសូយា ដែលមានកំណើតកើតជានៅខេត្តបាត់ដំបង។ លោកសួនបានយកសូយាធ្វើជាប្រពន្ធតែអ្នកទាំងពីរមិនបានរៀបការទេ។ ក្រោយមកលោកសួនបានផ្លាស់ទៅរស់នៅឯភ្នំពេញទុកសូយានិងសូផាតអោយរស់នៅរងទុក។ ក្រោយមកម្ដាយសូផាតបានស្វែងរកលោកសួនហើយក៏បានលេចដំណឹងថា​លោកបានរៀបការជាមួយនារីដ៏ទៃទៀត ហើយខ្លួនក៏ចាប់ធ្លាក់ខ្លួនឈឺស្លាប់ទុកសូផាតអោយនៅតែលតោលកំព្រីកំព្រាម្នាក់ឯង។
520 _aSophat is the son of a woman named Soya, who was born in Battambang province. Suon​ takes Soya as his wife, but the two were not married. Later, Mr. Suon moved to Phnom Penh, leaving Soya and Sophat to live as subordinates. Later, Sophat's mother searched for Suon and it was reported that he was married to another woman, and she fell ill and died, leaving Sophat alone and orphaned.
650 _aសូផាត
_vអក្សរសិល្ប៍ខ្មែរ
650 _aSophat
_vKhmer Literature
942 _2ddc
_cKHB
_n0
999 _c3526
_d3526